Frank's Frock / (رقم التسجيلة. 111573)

تفاصيل مارك
000 -LEADER
fixed length control field 00552nam a22002177a 4500
005 - DATE AND TIME OF LATEST TRANSACTION
control field 20251108174530.0
008 - FIXED-LENGTH DATA ELEMENTS--GENERAL INFORMATION
fixed length control field 250721s9999 xx 000 0 eng d
020 ## - INTERNATIONAL STANDARD BOOK NUMBER
International Standard Book Number 1846463254
082 14 - DEWEY DECIMAL CLASSIFICATION NUMBER
Classification number J/372.6/LYE
100 1# - MAIN ENTRY--PERSONAL NAME
Personal name LYES, LUCY
245 10 - TITLE STATEMENT
Title Frank's Frock /
264 1# - PRODUCTION, PUBLICATION, DISTRIBUTION, MANUFACTURE, AND COPYRIGHT NOTICE
Place of production, publication, distribution, manufacture LONDON :
Name of producer, publisher, distributor, manufacturer LADYBIRD BOOKS,
300 ## - PHYSICAL DESCRIPTION
Extent 34p.
490 0# - SERIES STATEMENT
Series statement lady bird phonics
650 17 - SUBJECT ADDED ENTRY--TOPICAL TERM
Topical term or geographic name as entry element FICTIONS
650 17 - SUBJECT ADDED ENTRY--TOPICAL TERM
Topical term or geographic name as entry element CHILDREN
653 ## - INDEX TERM--UNCONTROLLED
Uncontrolled term ما قبل المدرسه ( 0 - 5 سنوات )
700 1# - ADDED ENTRY--PERSONAL NAME
Personal name SWEETEN, SAMIA
Relator term Illus.
942 ## - ADDED ENTRY ELEMENTS (KOHA)
Source of classification or shelving scheme Dewey Decimal Classification
Koha item type كتب
المقتنيات
حالة السحب حالة الفقدان مصدر التصنيف حالة التلف غير قابل للإعارة المكتبة الرئيسية المكتبة الحالية موقع الرف تاريخ التزويد الرقم المتسلسل Total Checkouts رقم الإستدعاء الباركود تاريخ آخر ظهور تاريخ الفاتورة نوع المادة (كوها)
    Dewey Decimal Classification     مكتبة البشائر للأطفال مكتبة البشائر للأطفال الإعارة 04/06/2015 528247   J/372.6/LYE PLD00329134 28/07/2025 04/06/2015 كتب
    Dewey Decimal Classification     مكتبة الراية الهاشمية للأطفال مكتبة الراية الهاشمية للأطفال الأطفال 02/02/2015 1591425   J/372.6/LYE PLD00315257 28/07/2025 02/02/2015 كتب
    Dewey Decimal Classification     مكتبة عدن للأطفال مكتبة عدن للأطفال الأطفال 10/02/2025 1793160   J/372.6/LYE PLD00515154 28/07/2025 10/02/2025 كتب
    Dewey Decimal Classification     مكتبة ومركز فرح مكتبة ومركز فرح الأطفال 23/05/2009 1286971   J/372.6/LYE PLD00094269 28/07/2025 23/05/2009 كتب
Implemented & Customized by: BBB with SCIT (Smart Chains for Information Technology)

Powered by Koha